00546nam a2200193 a 4500001001300000003000900013005001700022008004100039020001000080082001600090100001300106245005600119260005300175300000900228500003500237505002400272650002000296650003600316nice12345678IN_TiNIC20260116013842.0050524s1997 dela grp 000 0 eng  ac13500a347.09bRAO aRao, P C aAlternative Dispute Resolutionb What It Is and How aDelhibUniversal Law Publishing Co.Pvt.Ltdc1997 a447p aincludes index and biblioraphy2 aBibliography, Index aLaw-Arbitration aConflict Resolution-Arbitration